000 00588nam a2200241Ia 4500
003 OSt
005 20220924144457.0
006 a|||||r|||| 00| 0
007 ta
008 220923b |||||||| |||| 00| 0 urd d
020 _c02.00
024 _a314725
037 _cTextual
040 _aARTS
_cARTS
_burd
041 _2urd
_aurd
082 _aO168,1N3112x, J2
100 _aaazmi Anjum
_9217676
245 0 _aLab-o-Rukhsar
260 _c1952
650 _aURDU POETRY
942 _hO168,1N3112x, J2
_cTEXL
_2CC
999 _c457158
_d457158